书目信息 |
| 题名: |
弦乐队标准化训练教程
|
|
| 作者: | 谢德 , 武斯坦霍姆 著 ;常林 编译 | |
| 分册: | 1 小提琴 | |
| 出版信息: | 上海 上海音乐出版社 2014 |
|
| 页数: | 48页 | |
| 开本: | 31cm | |
| 丛书名: | ||
| 单 册: | ||
| 中图分类: | J62 , J622.16 | |
| 科图分类: | ||
| 主题词: | 器乐--qi yue--演奏--教材 , 小提琴--xiao ti qin--奏法--教材 | |
| 电子资源: | ||
| ISBN: | 978-7-5523-0531-9 | |
| 000 | 01256cam0 2200349 450 | |
| 001 | 340528 | |
| 005 | 20150625154259.23 | |
| 010 | @a978-7-5523-0531-9@dCNY45.00 | |
| 010 | @a978-7-88880-897-3@b光盘 | |
| 100 | @a20150318d2014 em y0chiy50 ea | |
| 101 | 1 | @achi@ceng |
| 102 | @aCN@b310000 | |
| 105 | @aag z 000yy | |
| 106 | @ar | |
| 200 | 1 | @a弦乐队标准化训练教程@Axian yue dui biao zhun hua xun lian jiao cheng@h1@i小提琴@d= Steps to success for string orchestra@f常林编译@zeng |
| 210 | @a上海@c上海音乐出版社@c上海文艺音像电子出版社@d2014 | |
| 215 | @a48页@c彩图, 乐谱@d31cm@e光盘2片 | |
| 300 | @a原版引进 | |
| 306 | @a美国NEIL A. KJOS音乐公司提供版权 | |
| 314 | @a著者取自版权页 | |
| 330 | @a本书介绍了小提琴的演奏基本技巧, 为弦乐队循序渐进地提高集体演奏能力, 提供了具有价值的教学以及训练方法。 | |
| 500 | 10 | @aSteps to success for string orchestra@mChinese |
| 517 | 1 | @a小提琴@Axiao ti qin |
| 606 | 0 | @a器乐@Aqi yue@x演奏@j教材 |
| 606 | 0 | @a小提琴@Axiao ti qin@x奏法@j教材 |
| 690 | @aJ62@v5 | |
| 690 | @aJ622.16@v5 | |
| 701 | 1 | @a谢德@Axie de@g(Shade, Terry)@4著 |
| 701 | 1 | @a武斯坦霍姆@Awu si tan huo mu@b杰里米@4著 |
| 702 | 0 | @a常林@Achang lin@4编译 |
| 801 | 0 | @aCN@b卓展宏图@c20150525 |
| 905 | @dJ62@e253:1@f4 | |
| 弦乐队标准化训练教程.1.小提琴= Steps to success for string orchestra/常林编译.-上海:上海音乐出版社:上海文艺音像电子出版社,2014 |
| 48页:彩图, 乐谱;31cm+光盘2片 |
| 原版引进 |
| ISBN 978-7-5523-0531-9:CNY45.00 |
| 本书介绍了小提琴的演奏基本技巧, 为弦乐队循序渐进地提高集体演奏能力, 提供了具有价值的教学以及训练方法。 |
| ● |
| 相关链接 |
|
|
|
|
正题名:弦乐队标准化训练教程
索取号:J62/253:1
 
预约/预借
| 序号 | 登录号 | 条形码 | 馆藏地/架位号 | 状态 | 备注 |
| 1 | 866033 | 208660331 | 第一样本阅览室/ [索取号:J62/253:1] | 在馆 | |
| 2 | 866034 | 208660340 | 第一借阅区/ [索取号:J62/253:1] | 在馆 | |
| 3 | 866035 | 208660359 | 密集书库-音乐系/ [索取号:J62/253:1] | 在馆 | |
| 4 | 866036 | 208660368 | 第一借阅区/ [索取号:J62/253:1] | 在馆 |